The whirlwind / (Record no. 55554)

MARC details
000 -LEADER
fixed length control field 00845naa a2200241 4500
005 - DATE AND TIME OF LATEST TRANSACTION
control field 20110810145620.0
008 - FIXED-LENGTH DATA ELEMENTS--GENERAL INFORMATION
fixed length control field 110810t xxu||||| |||| 00| 0 eng d
010 ## - LCCN (DPL NO)
LC control number ENG-103355
020 ## - INTERNATIONAL STANDARD BOOK NUMBER
Terms of availability 100.00
035 ## - SYSTEM CONTROL NUMBER
System control number EN-86888
037 ## - SOURCE OF ACQUISITION
Source of stock number/acquisition DBAD/PUB
040 ## - CATALOGING SOURCE
Original cataloging agency DPL
Language of cataloging Eng
082 ## - DEWEY DECIMAL CLASSIFICATION NUMBER
Classification number N
100 ## - MAIN ENTRY--PERSONAL NAME
9 (RLIN) 32587
Personal name Santhan, Ayathurai
245 1# - TITLE STATEMENT
Title The whirlwind /
Statement of responsibility, etc by Ayathurai Santhan
260 ## - PUBLICATION, DISTRIBUTION, ETC. (IMPRINT)
Place of publication, distribution, etc Chennai
Name of publisher, distributor, etc V.U.S.Pathippagam
Date of publication, distribution, etc 2010
270 ## - ADDRESS
Address 63-S, Park Dugar, Ramapuram,
City Chennai
Postal code 600089
Telephone number +91-9884028376
300 ## - PHYSICAL DESCRIPTION
Extent 179p.
Dimensions 22cm (pbk)
700 ## - ADDED ENTRY--PERSONAL NAME
9 (RLIN) 32860
942 ## - ADDED ENTRY ELEMENTS (KOHA)
Institution code [OBSOLETE] dpl
Item type English Books
Source of classification or shelving scheme Dewey Decimal Classification
Call number suffix SAN
Classification part N
Holdings
Withdrawn status Lost status Source of classification or shelving scheme Damaged status Not for loan Collection code Home library Current library Date acquired Source of acquisition Cost, normal purchase price Total Checkouts Full call number Barcode Date last seen Copy number Cost, replacement price Koha item type
    Dewey Decimal Classification     Fiction D.B.Act.Division D.B.Act.Division 17/08/2011 DBAD/PUB 100.00   N SAN EN-86888 17/08/2011 1 100.00 English Books

© Delhi Public Library
Hit Counter
free hit counter